000 00652nam a2200229Ia 4500
005 20220726143803.0
008 131103s9999 xx 000 0 und d
020 _a0-321-05787-2
040 _aLoreto College
041 _aEnglish
082 _a808.042
_bBAR
245 _aLiterature for composition
_bEssays, fiction, poetry and drama
_cEdited by Sylvan Barnet ...[et al.]
250 _a4th ed.
260 _a[S.L.]
_bHarper Collins
_c1999
300 _axxviii,1369 p.
504 _aIncludes index
650 _aLiterature -
651 _aEnglish Language - Rhetoric -
700 _aBarnet, Sylvan
_4ed.
850 _aLCLIB
942 _cBK
999 _c1639
_d52118